000 00338nam a2200145Ia 4500
003 OSt
005 20231120093153.0
008 170524s9999 xx 000 0 und d
020 _a9788120301795
040 _cIIMT UNIVERSITY
100 _aYAMANE- TARO
245 0 _aMATHEMATICS FOR ECONOMICS
260 _bPHI NEW DELHI
942 _2ddc
_c02
999 _c8435
_d8435